NCAA Teams by logo #6 - Statistics

General Stats
  • This quiz has been taken 145 times
  • The average score is 15 of 20
Answer Stats
Picture Answer % Correct
Michigan
95%
North Carolina
95%
Florida
94%
Texas
93%
BYU
92%
Clemson
92%
Arkansas
91%
Virginia Tech
91%
Houston
88%
Maryland
88%
Missouri
83%
Colorado
80%
Georgetown
78%
Florida St
72%
Gonzaga
69%
Drake
65%
VCU
63%
Winthrop
44%
Morehead St
32%
St Bonaventure
22%
No matching quizzes found
Score Distribution
Percent of People with Each Score
Percentile by Number Answered
Your Score History
You have not taken this quiz